[Event "Rated Blitz game"]
[Site "?"]
[Date "2021.11.21"]
[Round "?"]
[White "Yvette1980"]
[Black "batasjon"]
[Result "0-1"]
[WhiteElo "2460"]
[BlackElo "2442"]
[PlyCount "140"]
[EventDate "2021.??.??"]
[EventType "blitz"]

1. e4 e5 2. Nf3 d5 3. Nc3 dxe4 4. Nxe5 Qe7 5. Nc4 Nf6 6. Be2 Nc6 7. O-O Be6 8.
d4 O-O-O 9. Be3 Qe8 10. Qc1 Nxd4 11. Bxd4 Rxd4 12. Ne3 Bb4 13. a3 Bxc3 14. bxc3
Rd6 15. Rb1 Rb6 16. Rb4 a5 17. Rxb6 cxb6 18. Qb2 Qc6 19. Rb1 Kc7 20. Bb5 Qc5
21. c4 Rd8 22. h3 Rd2 23. Qc3 Qd4 24. Qb3 Nh5 25. c3 Qc5 26. Rd1 Rxd1+ 27. Qxd1
Nf4 28. Kh2 Qd6 29. Qxd6+ Kxd6 30. g4 g5 31. Kg3 h6 32. f3 exf3 33. Kxf3 Kc5
34. Ke4 Nxh3 35. Ke5 Nf4 36. a4 Ne2 37. Nd5 Bxg4 38. Be8 Be6 39. Nc7 Kxc4 40.
Bb5+ Kxc3 41. Bxe2 Bb3 42. Bb5 Kb4 43. Nd5+ Bxd5 44. Kxd5 h5 45. Ke4 h4 46. Kf3
f5 47. Bd7 g4+ 48. Kf4 g3 49. Kf3 f4 50. Kg2 Kc3 51. Bg4 Kb3 52. Bd7 Ka3 53.
Be8 Kb4 54. Bd7 Kc5 55. Be8 Kd4 56. Bh5 Ke3 57. Bg4 b5 58. axb5 b6 59. Be6 a4
60. Kh3 Kf2 61. Kxh4 g2 62. Kg4 g1=Q+ 63. Kxf4 Qg3+ 64. Ke4 a3 65. Kf5 Qh3+ 66.
Ke5 Qxe6+ 67. Kxe6 a2 68. Kd6 a1=Q 69. Kc6 Qa5 70. Kd5 Qxb5+ {Time forfeit} 0-1

[Event "Rated Blitz game"]
[Site "?"]
[Date "2021.11.21"]
[Round "?"]
[White "board_control"]
[Black "Konevoyazher"]
[Result "1-0"]
[WhiteElo "2466"]
[BlackElo "2319"]
[PlyCount "60"]
[EventDate "2021.??.??"]
[EventType "blitz"]

1. e4 e5 2. Nf3 d5 3. Nxe5 dxe4 4. d4 exd3 5. Qxd3 Qxd3 6. Bxd3 Bd6 7. Nc4 Bc5
8. Nbd2 Nc6 9. Ne4 Be7 10. c3 Be6 11. Bf4 O-O-O 12. Be2 Bd5 13. f3 Nf6 14. Ned2
Rhe8 15. O-O-O Bc5 16. Bd3 g6 17. Rde1 Nh5 18. Bg5 f6 19. Bh6 g5 20. b4 Bxb4
21. cxb4 Nxb4 22. Bf5+ Kb8 23. a3 Nc6 24. h4 Nf4 25. hxg5 Nxg2 26. Rxe8 Rxe8
27. gxf6 b5 28. Bd7 Re2 29. Bxc6 Bxc4 30. Nxc4 Re6 {Normal} 1-0

[Event "Rated Blitz tournament AB2s9njP"]
[Site "?"]
[Date "2021.11.21"]
[Round "?"]
[White "Fzy-TCC"]
[Black "arrashii"]
[Result "1-0"]
[WhiteElo "2452"]
[BlackElo "2382"]
[PlyCount "69"]
[EventDate "2021.??.??"]
[EventType "blitz"]

1. e4 e5 2. Nf3 d5 3. exd5 e4 4. Nd4 Qxd5 5. Nb3 Qe5 6. Nc3 Nf6 7. Be2 Nc6 8.
d4 exd3 9. Qxd3 Bf5 10. Qe3 Bxc2 11. Qxe5+ Nxe5 12. Bf4 Bxb3 13. Bxe5 Bd5 14.
Bxf6 Bxg2 15. Rg1 Bc6 16. Be5 O-O-O 17. Rd1 Re8 18. Bg3 Bf3 19. Kf1 Bxe2+ 20.
Nxe2 f5 21. Nc3 g5 22. f4 Bc5 23. Bf2 Bxf2 24. Kxf2 g4 25. Rge1 h5 26. Rxe8+
Rxe8 27. Re1 Rd8 28. Re5 Rd2+ 29. Re2 Rd4 30. Kg3 h4+ 31. Kxh4 Rxf4 32. Kg5 Rf3
33. Nd5 c6 34. Ne7+ Kd7 35. Nxf5 {Normal} 1-0

[Event "Rated Blitz game"]
[Site "?"]
[Date "2021.11.21"]
[Round "?"]
[White "Sertoespj"]
[Black "rofaidah"]
[Result "1-0"]
[WhiteElo "2400"]
[BlackElo "2452"]
[PlyCount "47"]
[EventDate "2021.??.??"]
[EventType "blitz"]

1. e4 e5 2. Nf3 d5 3. Nxe5 Qe7 4. d4 f6 5. Ng4 dxe4 6. Ne3 Nc6 7. c4 Bd7 8. Nc3
O-O-O 9. d5 Ne5 10. Be2 f5 11. g3 g5 12. Qd4 Bg7 13. Qxa7 Be8 14. Qa8+ Kd7 15.
Qxb7 Qc5 16. Nxf5 Bg6 17. Nxg7 Nh6 18. Bxg5 Nf5 19. Nxf5 Bxf5 20. Bxd8 Rxd8 21.
Qb5+ Qxb5 22. cxb5 h5 23. h4 Bg4 24. O-O-O {Normal} 1-0

[Event "Rated Blitz game"]
[Site "?"]
[Date "2021.11.21"]
[Round "?"]
[White "sandokhane"]
[Black "DanielPerchman"]
[Result "0-1"]
[WhiteElo "2434"]
[BlackElo "2477"]
[PlyCount "34"]
[EventDate "2021.??.??"]
[EventType "blitz"]

1. e4 e5 2. Nf3 d5 3. exd5 e4 4. Ne5 Qxd5 5. d4 exd3 6. Nxd3 Nf6 7. Nc3 Qf5 8.
Be3 Bd6 9. Qd2 O-O 10. O-O-O Be6 11. f3 Nc6 12. Nf4 Rfe8 13. g4 Qa5 14. Nxe6
Rxe6 15. g5 Rae8 16. Bf2 Nh5 17. Bc4 Bf4 {Normal} 0-1

[Event "Rated Blitz game"]
[Site "?"]
[Date "2021.11.21"]
[Round "?"]
[White "Shurman-kgn"]
[Black "Sdjordje12345_s"]
[Result "0-1"]
[WhiteElo "2426"]
[BlackElo "2326"]
[PlyCount "68"]
[EventDate "2021.??.??"]
[EventType "blitz"]

1. e4 e5 2. Nf3 d5 3. Nxe5 Qe7 4. d4 f6 5. Ng4 dxe4 6. Ne3 f5 7. g3 Nc6 8. c3
Be6 9. Bb5 O-O-O 10. Bxc6 bxc6 11. Qa4 Kb7 12. Nd2 g5 13. Nec4 Bxc4 14. Nxc4
Qe6 15. Na5+ Kc8 16. Bxg5 Be7 17. Bf4 Bd6 18. Qxc6 Ne7 19. Qa8+ Kd7 20. Qxa7
Ra8 21. Qb7 Rhb8 22. Qxb8 Rxb8 23. Bxd6 cxd6 24. b4 Nd5 25. Rc1 f4 26. O-O f3
27. Kh1 Qh3 28. Rg1 Rf8 29. Nc4 e3 30. Nxe3 Nxe3 31. fxe3 f2 32. Rgf1 h5 33. e4
h4 34. gxh4 Rf4 {Time forfeit} 0-1

[Event "Rated Blitz game"]
[Site "?"]
[Date "2021.11.21"]
[Round "?"]
[White "ato77"]
[Black "Schachelite"]
[Result "0-1"]
[WhiteElo "2396"]
[BlackElo "2499"]
[PlyCount "174"]
[EventDate "2021.??.??"]
[EventType "blitz"]

1. e4 e5 2. Nf3 d5 3. exd5 e4 4. Qe2 Nf6 5. d3 Qxd5 6. Nc3 Bb4 7. Bd2 Bxc3 8.
Bxc3 O-O 9. Bxf6 exf3 10. Qxf3 Qxf3 11. gxf3 Re8+ 12. Kd2 gxf6 13. Rg1+ Kf8 14.
d4 Bf5 15. Bc4 Nd7 16. a4 Nb6 17. Bb3 Rad8 18. c3 Nd5 19. Rae1 c6 20. h4 Rxe1
21. Rxe1 Re8 22. Rg1 h5 23. a5 Nf4 24. Bc4 Ng6 25. Rh1 Be6 26. Bd3 Nf4 27. Be4
f5 28. Bc2 Ke7 29. Re1 Kf6 30. b3 Rg8 31. c4 Rg2 32. Ke3 Ng6 33. Rh1 f4+ 34.
Ke2 Bf5 35. Be4 Bxe4 36. fxe4 Rg4 37. Kf3 Nxh4+ 38. Ke2 Kg5 39. d5 cxd5 40.
exd5 Ng6 41. Kf3 f5 42. c5 Ne5+ 43. Ke2 h4 44. b4 a6 45. Kd2 f3 46. Ke3 Re4+
47. Kd2 Rxb4 48. Kc3 Rc4+ 49. Kb3 Rxc5 50. Rd1 Rxa5 51. d6 h3 52. d7 Nxd7 53.
Rxd7 Rb5+ 54. Kc4 Rb1 55. Rg7+ Kh6 56. Rg8 Kh7 57. Rg3 b5+ 58. Kc3 a5 59. Rxh3+
Kg6 60. Rxf3 a4 61. Rg3+ Kf6 62. Kc2 Rb3 63. Rg8 Ke5 64. Re8+ Kf4 65. Re7 Kf3
66. Re5 f4 67. Rf5 b4 68. Rf6 Rc3+ 69. Kb2 a3+ 70. Ka2 Rc2+ 71. Kb3 Rb2+ 72.
Kc4 a2 73. Ra6 b3 74. Kc3 Rb1 75. Kd2 a1=Q 76. Rxa1 Rxa1 77. Kc3 Rb1 78. Kd2
Kxf2 79. Kc3 Kg3 80. Kd2 f3 81. Kc3 f2 82. Kb4 f1=Q 83. Ka3 Rc1 84. Kb2 Qc4 85.
Ka3 Ra1+ 86. Kb2 Qc2+ 87. Kxa1 Qa2# {Normal} 0-1

[Event "Rated Blitz tournament wFPav54Z"]
[Site "?"]
[Date "2021.11.21"]
[Round "?"]
[White "jonaszmb"]
[Black "Frutek"]
[Result "1-0"]
[WhiteElo "2456"]
[BlackElo "2550"]
[PlyCount "61"]
[EventDate "2021.??.??"]
[EventType "blitz"]

1. e4 e5 2. Nf3 d5 3. d4 dxe4 4. Nxe5 Nd7 5. Qh5 Nxe5 6. Qxe5+ Qe7 7. Nc3 Nf6
8. Bg5 h6 9. Bxf6 gxf6 10. Qxe4 f5 11. Qxe7+ Kxe7 12. O-O-O Kf6 13. Nd5+ Kg7
14. Nxc7 Rb8 15. Bd3 Bd6 16. Nb5 Bf4+ 17. Kb1 a6 18. Nc3 b5 19. g3 Bd6 20. Rhe1
h5 21. Nd5 h4 22. Ne3 f4 23. gxf4 Bxf4 24. Rg1+ Kf8 25. Ng4 Bxg4 26. Rxg4 Bxh2
27. Rh1 Re8 28. a3 Bd6 29. Rhxh4 Rxh4 30. Rxh4 Rb8 31. Rh8+ {Normal} 1-0

[Event "Rated Blitz game"]
[Site "?"]
[Date "2021.11.21"]
[Round "?"]
[White "leonpeleon"]
[Black "alaeldin1212"]
[Result "1/2-1/2"]
[WhiteElo "2428"]
[BlackElo "2386"]
[PlyCount "79"]
[EventDate "2021.??.??"]
[EventType "blitz"]

1. e4 e5 2. Nf3 d5 3. Nxe5 Bd6 4. d4 dxe4 5. Bf4 Ne7 6. c4 c6 7. Be2 f6 8. O-O
fxe5 9. dxe5 Bc7 10. Qc2 Bf5 11. g4 Bg6 12. h4 O-O 13. Bg3 h6 14. Nc3 e3 15.
Qb3 Bb6 16. c5+ Bf7 17. Qb4 Ba5 18. Qe4 Bxc3 19. bxc3 exf2+ 20. Rxf2 Bd5 21.
Rxf8+ Qxf8 22. Qe3 Nd7 23. c4 Be6 24. Rf1 Qd8 25. Bd3 Qb6 26. Qe4 Nf8 27. Bf2
Qb2 28. Bd4 Qxa2 29. Rf6 Rd8 30. g5 Rxd4 31. Qxd4 gxf6 32. exf6 Nf5 33. f7+ Kh7
34. Qf6 Qd2 35. Bxf5+ Bxf5 36. Qxf5+ Kg7 37. Qf6+ Kh7 38. Qf5+ Kg7 39. Qf6+ Kh7
40. Qf5+ {Normal} 1/2-1/2

[Event "Rated Blitz game"]
[Site "?"]
[Date "2021.11.21"]
[Round "?"]
[White "cecile_haussernot"]
[Black "rofaidah"]
[Result "1-0"]
[WhiteElo "2470"]
[BlackElo "2456"]
[PlyCount "47"]
[EventDate "2021.??.??"]
[EventType "blitz"]

1. e4 e5 2. Nf3 d5 3. Nxe5 Qe7 4. d4 f6 5. Nf3 dxe4 6. Nfd2 Nc6 7. d5 Nd4 8.
Nc4 Nf5 9. Bf4 g5 10. Qh5+ Kd8 11. Bg3 b5 12. d6 Nxd6 13. Nxd6 cxd6 14. Nc3 Bf5
15. O-O-O Qe6 16. h3 b4 17. Nb5 Qxa2 18. Bxd6 Qa1+ 19. Kd2 Qxb2 20. Bxf8 a6 21.
Ke3+ Kc8 22. Qe8+ Kb7 23. Qf7+ Kb6 24. Qc7# {Normal} 1-0

[Event "Rated Blitz game"]
[Site "?"]
[Date "2021.11.21"]
[Round "?"]
[White "Udar59"]
[Black "RCompany_1"]
[Result "0-1"]
[WhiteElo "2463"]
[BlackElo "2382"]
[PlyCount "88"]
[EventDate "2021.??.??"]
[EventType "blitz"]

1. e4 e5 2. Nf3 d5 3. Nxe5 Bd6 4. d4 dxe4 5. Nc4 Be7 6. Nc3 Nf6 7. Bg5 O-O 8.
Be2 Nc6 9. d5 Nxd5 10. Qxd5 Bxg5 11. Qxd8 Rxd8 12. Nxe4 Be7 13. c3 Re8 14.
O-O-O Be6 15. Rhe1 b5 16. Ne3 a6 17. Nd5 Bd8 18. Nc5 Bc8 19. f4 Rb8 20. Bf3
Rxe1 21. Rxe1 Kf8 22. g4 Ne7 23. h3 c6 24. Nb4 Bb6 25. Ncxa6 Bxa6 26. Nxa6 Rc8
27. Nb4 c5 28. Nd5 Nxd5 29. Bxd5 Rd8 30. c4 bxc4 31. Bxc4 Rd4 32. b3 Rxf4 33.
Bb5 g6 34. Re8+ Kg7 35. Re7 Ba5 36. Bc4 Bb4 37. Kc2 Kf8 38. Rd7 Ke8 39. Rb7
Rf2+ 40. Kd3 Rf3+ 41. Ke4 Rxh3 42. Bxf7+ Kd8 43. Bc4 h5 44. g5 Rg3 {Time
forfeit} 0-1

[Event "Rated Blitz game"]
[Site "?"]
[Date "2021.11.21"]
[Round "?"]
[White "Sigma_Tauri"]
[Black "Erow"]
[Result "0-1"]
[WhiteElo "2855"]
[BlackElo "2721"]
[PlyCount "82"]
[EventDate "2021.??.??"]
[EventType "blitz"]

1. e4 e5 2. Nf3 d5 3. d3 dxe4 4. dxe4 Qxd1+ 5. Kxd1 Nc6 6. Bd3 Bg4 7. Nbd2
O-O-O 8. h3 Bh5 9. g4 Bg6 10. Ke2 f6 11. c3 Nge7 12. Bc4 Kb8 13. b4 Nc8 14. a4
Nd6 15. Bd3 h5 16. Rg1 hxg4 17. hxg4 Be7 18. Bb2 Rh3 19. Rh1 Rdh8 20. Rxh3 Rxh3
21. Rg1 Nd8 22. g5 Ne6 23. gxf6 Nf4+ 24. Kd1 gxf6 25. Bf1 Rh8 26. Bc1 a6 27.
Ne1 Nxe4 28. Nxe4 Bxe4 29. Bxf4 exf4 30. Bd3 Bd5 31. a5 Bd6 32. Be2 Be5 33. Kc2
Rh2 34. Rf1 Be4+ 35. Bd3 Bd5 36. Be2 Rh3 37. Nd3 f3 38. Bd1 Be4 39. Kd2 Bd6 40.
Re1 f5 41. Nc5 Bf4+ {Normal} 0-1

[Event "Rated Blitz game"]
[Site "?"]
[Date "2021.11.21"]
[Round "?"]
[White "carloseltigre"]
[Black "Tengo1000cuentas"]
[Result "1-0"]
[WhiteElo "2459"]
[BlackElo "2324"]
[PlyCount "73"]
[EventDate "2021.??.??"]
[EventType "blitz"]

1. e4 e5 2. Nf3 d5 3. exd5 Nf6 4. Nxe5 Qxd5 5. Nf3 Bg4 6. Be2 Bd6 7. Nc3 Qf5 8.
h3 Qh5 9. d4 Nc6 10. Be3 Bb4 11. a3 Bd6 12. Qd2 O-O-O 13. O-O-O Bd7 14. Ne5 Qf5
15. g4 Qe6 16. Nxd7 Rxd7 17. d5 Nxd5 18. Qxd5 Qe7 19. Qf5 g6 20. Qe4 Qf6 21.
Nd5 Qd8 22. Kb1 Re8 23. Qa4 Kb8 24. Bb5 Be5 25. Bxc6 bxc6 26. Qxc6 Re6 27. Qc4
c6 28. Nc3 Bxc3 29. Rxd7 Qxd7 30. Qxc3 Qd5 31. Rc1 f5 32. gxf5 gxf5 33. Qh8+
Kb7 34. Qxh7+ Ka6 35. Qxa7+ Kb5 36. a4+ Kc4 37. b3+ {Time forfeit} 1-0

[Event "Rated Blitz game"]
[Site "?"]
[Date "2021.11.21"]
[Round "?"]
[White "SateliteLag"]
[Black "Bakiuzumaki"]
[Result "1-0"]
[WhiteElo "2498"]
[BlackElo "2344"]
[PlyCount "91"]
[EventDate "2021.??.??"]
[EventType "blitz"]

1. e4 e5 2. Nf3 d5 3. Nxe5 Bd6 4. d4 dxe4 5. Nc4 Be7 6. Nc3 Nf6 7. Bg5 Bf5 8.
Ne5 Nbd7 9. Bc4 O-O 10. O-O a6 11. a4 Nb6 12. Bb3 c6 13. Re1 Nbd5 14. Ne2 h6
15. Bd2 b5 16. Ng3 Bd7 17. Nxe4 Qc7 18. Ng3 Bd6 19. axb5 axb5 20. Rxa8 Rxa8 21.
Qf3 Be6 22. h3 Bxe5 23. dxe5 Nd7 24. Qe4 Nc5 25. Qf3 Nxb3 26. Qxb3 Ra4 27. Qd3
Qb6 28. Be3 Qa5 29. Rd1 Ra1 30. f4 Rxd1+ 31. Qxd1 Nxe3 32. Qd3 Qe1+ 33. Kh2 Bd5
34. Nf5 Nf1+ 35. Kg1 Ne3+ 36. Kh2 Nxf5 37. Qxf5 Qe4 38. Qg4 h5 39. Qg5 g6 40.
b3 Qxc2 41. b4 Qf5 42. Qd8+ Kg7 43. Kg3 Qd3+ 44. Kh4 Qf5 45. Kg3 Kh6 46. Qh8# {
Normal} 1-0

[Event "Rated Blitz tournament iPhiEtoq"]
[Site "?"]
[Date "2021.11.21"]
[Round "?"]
[White "E8Nova"]
[Black "DOOGE228"]
[Result "0-1"]
[WhiteElo "2275"]
[BlackElo "2457"]
[PlyCount "98"]
[EventDate "2021.??.??"]
[EventType "blitz"]

1. e4 e5 2. Nf3 d5 3. Nxe5 Bd6 4. Nf3 dxe4 5. Qe2 Nf6 6. Nc3 O-O 7. Nd4 a6 8.
d3 c5 9. Nb3 Bg4 10. f3 exf3 11. gxf3 Re8 12. Ne4 Nxe4 13. dxe4 Bh5 14. Be3
Rxe4 15. O-O-O Qe7 16. Re1 Rxe3 17. Qxe3 Qxe3+ 18. Rxe3 Bf4 19. Kd2 Nc6 20. Bd3
Re8 21. Rhe1 Nd4 22. Nxc5 Nxf3+ 23. Kc3 Rxe3 24. Rxe3 Bxe3 25. Nxb7 a5 26. a3
Bg4 27. b4 axb4+ 28. axb4 Nxh2 29. Kb3 Bf3 30. Nd6 g6 31. c4 h5 32. Be4 h4 33.
c5 Bf4 34. b5 h3 35. Bxf3 Nxf3 36. b6 Nd4+ 37. Kc4 Nc6 38. Kb5 Nd8 39. c6 Bxd6
40. c7 Ne6 41. c8=Q+ Kh7 42. Qc2 h2 43. Qg2 f5 44. Kc6 Bg3 45. Kd7 Nf4 46. Qf1
Nd3 47. b7 Nf2 48. Qg2 h1=Q 49. Qxg3 Qxb7+ {Normal} 0-1

[Event "Rated Blitz game"]
[Site "?"]
[Date "2021.11.21"]
[Round "?"]
[White "kriventsov"]
[Black "Tengo1000cuentas"]
[Result "1-0"]
[WhiteElo "2479"]
[BlackElo "2312"]
[PlyCount "69"]
[EventDate "2021.??.??"]
[EventType "blitz"]

1. e4 e5 2. Nf3 d5 3. Nxe5 Nf6 4. exd5 Qxd5 5. d4 Nc6 6. Nxc6 Qxc6 7. Nc3 Bb4
8. Bd2 O-O 9. f3 Bf5 10. Be2 Qd6 11. a3 Ba5 12. Nb5 Bxd2+ 13. Qxd2 Qb6 14. c4
c6 15. Nc3 Rad8 16. Rd1 Qb3 17. O-O Rfe8 18. Rfe1 b5 19. cxb5 cxb5 20. Bxb5
Rxe1+ 21. Rxe1 h6 22. h3 a6 23. Bxa6 Qb6 24. Bb5 Rxd4 25. Qf2 Qd6 26. Bf1 Nh5
27. Nb5 Rd2 28. Nxd6 Rxf2 29. Kxf2 Nf6 30. g4 Be6 31. Nf5 Nd5 32. Bc4 g6 33.
Bxd5 gxf5 34. Bxe6 fxe6 35. Rxe6 {Normal} 1-0

[Event "Rated Blitz game"]
[Site "?"]
[Date "2021.11.21"]
[Round "?"]
[White "Timur_93"]
[Black "batasjon"]
[Result "0-1"]
[WhiteElo "2444"]
[BlackElo "2428"]
[PlyCount "66"]
[EventDate "2021.??.??"]
[EventType "blitz"]

1. e4 e5 2. Nf3 d5 3. exd5 e4 4. Qe2 Nf6 5. d3 Qxd5 6. Nbd2 Nc6 7. Nxe4 Be6 8.
c4 Bb4+ 9. Bd2 Bxd2+ 10. Nfxd2 Qa5 11. Nxf6+ gxf6 12. g3 O-O-O 13. Bg2 Bf5 14.
O-O Nd4 15. Qd1 Bxd3 16. Re1 Nc2 17. Qf3 Qa6 18. Nb3 Nxa1 19. Nc5 Qc6 20. Qe3
Qb6 21. Bxb7+ Kb8 22. Rxa1 Rhe8 23. Nd7+ Kxb7 24. Qxe8 Rxe8 25. Nxb6 Kxb6 26.
Rd1 Bxc4 27. b3 Be6 28. f4 f5 29. Kf2 a5 30. Rc1 Rd8 31. Ke3 Rd5 32. h4 h5 33.
Rd1 Rxd1 {Normal} 0-1

[Event "Rated Blitz tournament bB6U5stm"]
[Site "?"]
[Date "2021.11.21"]
[Round "?"]
[White "Morlockk"]
[Black "Schachelite"]
[Result "0-1"]
[WhiteElo "2303"]
[BlackElo "2493"]
[PlyCount "112"]
[EventDate "2021.??.??"]
[EventType "blitz"]

1. e4 e5 2. Nf3 d5 3. Bc4 dxc4 4. Nxe5 Qd4 5. f4 Qxe4+ 6. Kf2 Bc5+ 7. d4 cxd3+
8. Kf1 dxc2 9. Qh5 g6 10. Nc3 Qd4 11. Qe2 Be6 12. Nb5 Qd1+ 13. Qe1 Na6 14. Be3
Bxe3 15. Rxd1 cxd1=Q 16. Qxd1 Bxf4 17. Qf3 Bxe5 18. Qxb7 Rb8 19. Qxa6 Bc4+ 20.
Kf2 Bxb5 21. Qxa7 Rd8 22. Re1 f6 23. Qc5 Ne7 24. Qxb5+ Kf7 25. Qb3+ Kg7 26. Qb4
Rhe8 27. h4 Nd5 28. Qc4 h5 29. b4 Nf4 30. Kf1 Rd4 31. Qc5 Red8 32. g3 Nd3 33.
Qe7+ Kh6 34. Rb1 R4d7 35. Qe6 Rd6 36. Qc4 Rd4 37. Qc2 Bd6 38. Rd1 Be5 39. Qd2+
Kg7 40. a3 Nxb4 41. Qxd4 Rxd4 42. Rc1 Nd5 43. Kg2 Ra4 44. Rd1 Ne3+ 45. Kf3 Nxd1
46. g4 hxg4+ 47. Ke2 Rxa3 48. h5 gxh5 49. Kxd1 Rf3 50. Kc2 g3 51. Kd2 g2 52.
Ke2 Rf4 53. Ke3 g1=Q+ 54. Kd3 Qg3+ 55. Ke2 Rf2+ 56. Ke1 Qg1# {Normal} 0-1

[Event "Rated Blitz game"]
[Site "?"]
[Date "2021.11.21"]
[Round "?"]
[White "Elprofesore1"]
[Black "batasjon"]
[Result "0-1"]
[WhiteElo "2457"]
[BlackElo "2441"]
[PlyCount "46"]
[EventDate "2021.??.??"]
[EventType "blitz"]

1. e4 e5 2. Nf3 d5 3. exd5 e4 4. Qe2 Nf6 5. Nc3 Be7 6. d3 exf3 7. gxf3 O-O 8.
Be3 Nxd5 9. Nxd5 Qxd5 10. Rg1 Bf6 11. c3 c5 12. f4 Bf5 13. Bg2 Qd7 14. O-O-O
Re8 15. Be4 Nc6 16. Qh5 Ne7 17. Rg2 Bg6 18. Qf3 Nf5 19. Bxc5 Nh4 20. Qg3 Nxg2
21. Qxg2 Bxe4 22. dxe4 Qc6 23. Bd4 Qxe4 {Normal} 0-1

[Event "Rated Blitz tournament OXefh0s4"]
[Site "?"]
[Date "2021.11.21"]
[Round "?"]
[White "Speroguiness"]
[Black "Wea_pawn"]
[Result "0-1"]
[WhiteElo "2325"]
[BlackElo "2616"]
[PlyCount "40"]
[EventDate "2021.??.??"]
[EventType "blitz"]

1. e4 e5 2. Nf3 d5 3. Nxe5 dxe4 4. d4 Bd6 5. f4 exf3 6. Nxf3 Bg4 7. Be2 Bxf3 8.
Bxf3 Qh4+ 9. Kf1 Nc6 10. Be3 O-O-O 11. Bxc6 bxc6 12. Nc3 Nf6 13. Qf3 Ng4 14.
Bf2 Nxh2+ 15. Rxh2 Qxh2 16. Qxc6 Rhe8 17. Re1 Qh1+ 18. Bg1 Rxe1+ 19. Kxe1 Qxg1+
20. Kd2 Qxd4+ {Normal} 0-1

[Event "Rated Blitz game"]
[Site "?"]
[Date "2021.11.21"]
[Round "?"]
[White "Tintyn"]
[Black "Tengo1000cuentas"]
[Result "1-0"]
[WhiteElo "2429"]
[BlackElo "2300"]
[PlyCount "61"]
[EventDate "2021.??.??"]
[EventType "blitz"]

1. e4 e5 2. Nf3 d5 3. exd5 Nf6 4. Qe2 e4 5. d3 Bb4+ 6. c3 O-O 7. dxe4 Bd6 8.
Bg5 Re8 9. Nbd2 Bg4 10. O-O-O Nbd7 11. h3 Bh5 12. g4 Bg6 13. Nh4 Nxe4 14. Bxd8
Raxd8 15. Nxg6 Nxc3 16. Qc4 Nxd1 17. Kxd1 hxg6 18. Nf3 Nb6 19. Qb3 c6 20. Kc2
Nxd5 21. a3 b6 22. Bc4 Bf4 23. Rd1 b5 24. Bxd5 cxd5 25. Rxd5 Re2+ 26. Kb1 Rc8
27. Qxb5 Rc1+ 28. Ka2 Rxf2 29. Rd8+ Kh7 30. Ng5+ Kh6 31. Rh8# {Normal} 1-0

[Event "Rated Blitz game"]
[Site "?"]
[Date "2021.11.21"]
[Round "?"]
[White "patrodgsfera"]
[Black "Roberto_Baggio1978"]
[Result "1/2-1/2"]
[WhiteElo "2623"]
[BlackElo "2583"]
[PlyCount "78"]
[EventDate "2021.??.??"]
[EventType "blitz"]

1. e4 e5 2. Nf3 d5 3. exd5 e4 4. Qe2 Nf6 5. d3 Qxd5 6. Nc3 Bb4 7. Bd2 Bxc3 8.
Bxc3 O-O 9. Nd2 exd3 10. Qxd3 Re8+ 11. Kd1 Qxd3 12. Bxd3 Ng4 13. Rf1 Nc6 14. h3
Nge5 15. Bb5 a6 16. Bxe5 Rxe5 17. Bxc6 bxc6 18. Re1 Rxe1+ 19. Kxe1 Bf5 20. Rc1
a5 21. Nf3 a4 22. Kd2 Be4 23. Re1 Bxf3 24. gxf3 Kf8 25. Re4 Ra5 26. Rc4 Ra6 27.
Kc3 Ke7 28. Kb4 Kd6 29. Ka3 Ra5 30. Rxa4 Rf5 31. Rd4+ Kc5 32. Rd3 Rh5 33. f4
Rf5 34. Rf3 Kd4 35. Kb3 Rb5+ 36. Ka3 Ra5+ 37. Kb3 Rb5+ 38. Ka3 Ra5+ 39. Kb3
Rb5+ {Normal} 1/2-1/2

[Event "Rated Blitz game"]
[Site "?"]
[Date "2021.11.21"]
[Round "?"]
[White "HmmPlato"]
[Black "RoadToFM-L"]
[Result "1-0"]
[WhiteElo "2506"]
[BlackElo "2575"]
[PlyCount "223"]
[EventDate "2021.??.??"]
[EventType "blitz"]

1. e4 e5 2. Nf3 d5 3. Nxe5 Bd6 4. d4 dxe4 5. Bc4 Bxe5 6. dxe5 Qxd1+ 7. Kxd1 Nc6
8. Bf4 Bg4+ 9. Kc1 O-O-O 10. Nc3 Nge7 11. Bxf7 Rhf8 12. e6 Nd4 13. Nxe4 Bxe6
14. Bxe6+ Nxe6 15. Bd2 Nd4 16. Re1 Nec6 17. f3 h6 18. c3 Ne6 19. Kc2 a6 20.
Rad1 Rf5 21. Be3 Re8 22. Ng3 Rff8 23. Bc1 b5 24. a3 Nc5 25. Be3 Nb7 26. Bf2 Nd6
27. Bc5 Rxe1 28. Rxe1 Rf6 29. Bxd6 Rxd6 30. Ne4 Re6 31. Rd1 Rg6 32. Rd2 Ne5 33.
Re2 Nc4 34. a4 Re6 35. axb5 axb5 36. b3 Nb6 37. Ng3 Rc6 38. Kb2 Nd5 39. Ne4 Re6
40. Rd2 Nf4 41. Nc5 Rc6 42. Ne4 Re6 43. g3 Ng6 44. Nc5 Rc6 45. Rd5 Rf6 46. f4
c6 47. Rd2 h5 48. Ne4 Re6 49. Ng5 Re3 50. Nf7 h4 51. Nd6+ Kc7 52. f5 Ne5 53.
Ne8+ Kb6 54. Nxg7 hxg3 55. hxg3 Rxg3 56. Ne6 Rf3 57. Nd4 Rf4 58. Re2 Nd3+ 59.
Kc2 Nc5 60. Ne6 Rxf5 61. Nxc5 Rxc5 62. Re4 Rh5 63. Re3 Rh2+ 64. Kd3 Rh4 65. Re4
Rh5 66. Re3 Rd5+ 67. Kc2 Rc5 68. Rd3 Rf5 69. Rd2 Rf3 70. Kb2 Rf5 71. Rc2 c5 72.
Rd2 b4 73. cxb4 cxb4 74. Rd4 Kb5 75. Rd2 Rf3 76. Rc2 Rd3 77. Rc4 Rd8 78. Rc2
Rb8 79. Rc4 Ra8 80. Rc2 Ra5 81. Rd2 Ra7 82. Rd5+ Kc6 83. Rd2 Kc5 84. Rc2+ Kb5
85. Rc4 Rf7 86. Rc2 Rf3 87. Rc4 Re3 88. Rc2 Re4 89. Rd2 Rf4 90. Rc2 Rf5 91. Rc1
Rd5 92. Rc2 Rc5 93. Rxc5+ Kxc5 94. Kc2 Kd4 95. Kd2 Ke4 96. Ke2 Kd5 97. Kd3 Ke5
98. Kc4 Kd6 99. Kxb4 Kc6 100. Ka5 Kb7 101. Kb5 Ka7 102. b4 Kb7 103. Kc5 Kb8
104. Kb6 Ka8 105. b5 Kb8 106. Kc6 Ka8 107. b6 Kb8 108. b7 Ka7 109. Kc7 Ka6 110.
b8=Q Ka5 111. Qb3 Ka6 112. Qb6# {Normal} 1-0

[Event "Rated Blitz game"]
[Site "?"]
[Date "2021.11.21"]
[Round "?"]
[White "infiniterlz"]
[Black "GrandeGila"]
[Result "0-1"]
[WhiteElo "2351"]
[BlackElo "2501"]
[PlyCount "120"]
[EventDate "2021.??.??"]
[EventType "blitz"]

1. e4 e5 2. Nf3 d5 3. exd5 e4 4. Qe2 Nf6 5. d3 Qxd5 6. Nc3 Bb4 7. Nd2 Bxc3 8.
bxc3 O-O 9. dxe4 Qa5 10. Bb2 Re8 11. f3 Bd7 12. Nb3 Qe5 13. O-O-O c5 14. Kb1
Nc6 15. Qc4 b6 16. Qe2 a6 17. Qe3 Be6 18. Be2 h6 19. c4 Qg5 20. f4 Qg6 21. Bd3
Nb4 22. f5 Bxf5 23. exf5 Qxg2 24. Qg1 Qxg1 25. Rhxg1 Nh5 26. a3 Nxd3 27. Rxd3
Kh7 28. Rh3 g6 29. fxg6+ fxg6 30. Rd3 Re7 31. Rgd1 a5 32. Nd2 Rf8 33. Nf3 Rff7
34. Ne5 Rf5 35. Rd7 Rxd7 36. Rxd7+ Kg8 37. Nxg6 Rf1+ 38. Ka2 Rg1 39. Ne7+ Kf8
40. Nd5 Ke8 41. Re7+ Kf8 42. Rh7 Rg6 43. Rb7 Rg2 44. Rxb6 Rxc2 45. Rxh6 Rxh2
46. Rh7 Rh3 47. Nf6 Nf4 48. Rxh3 Nxh3 49. Nd7+ Ke7 50. Nxc5 a4 51. Nb3 axb3+
52. Kxb3 Nf4 53. Kb4 Nd3+ 54. Kc3 Nc5 55. Bc1 Na4+ 56. Kb4 Nb6 57. Bd2 Kd7 58.
Bc3 Kc6 59. c5 Nd5+ 60. Kc4 Ne3+ {Time forfeit} 0-1

[Event "Rated Blitz game"]
[Site "?"]
[Date "2021.11.21"]
[Round "?"]
[White "GMshooter96"]
[Black "Roberto_Baggio1978"]
[Result "1/2-1/2"]
[WhiteElo "2537"]
[BlackElo "2581"]
[PlyCount "156"]
[EventDate "2021.??.??"]
[EventType "blitz"]

1. e4 e5 2. Nf3 d5 3. exd5 e4 4. Qe2 Nf6 5. d3 Qxd5 6. Nbd2 Nc6 7. Nxe4 Be6 8.
Bg5 Bb4+ 9. c3 Be7 10. g3 O-O-O 11. Bxf6 gxf6 12. Bg2 Qxd3 13. Qxd3 Rxd3 14.
O-O Rhd8 15. Rfe1 a5 16. a3 a4 17. Bf1 R3d5 18. Bc4 Rf5 19. Bxe6+ fxe6 20. Kg2
Rb5 21. Re2 e5 22. Nh4 Na5 23. Nf5 Bf8 24. Nxf6 Nc4 25. Nxh7 Rxb2 26. Rxb2 Nxb2
27. Nxf8 Rxf8 28. g4 Nc4 29. h4 Kd7 30. h5 Ke6 31. h6 Kf6 32. Rd1 Nxa3 33. Ra1
Nb5 34. Rxa4 Nxc3 35. Rc4 Nd5 36. Kg3 c6 37. Ra4 Kg6 38. Ra7 Rf7 39. Ra8 b5 40.
Rg8+ Kf6 41. Rc8 Nc7 42. f4 e4 43. Nd6 Rd7 44. Nxe4+ Kg6 45. g5 b4 46. Kg4 Rd4
47. f5+ Kf7 48. Rxc7+ Ke8 49. Kf4 b3 50. Ke5 Rd5+ 51. Ke6 Kd8 52. Rb7 Rb5 53.
Rxb5 cxb5 54. Nc3 b4 55. Nb1 b2 56. h7 Kc7 57. h8=Q Kc6 58. Qg7 Kc5 59. Qxb2
Kc4 60. Qxb4+ Kxb4 61. g6 Kb3 62. g7 Kb2 63. g8=Q Kxb1 64. Kf6 Kc2 65. Qe6 Kd3
66. Kf7 Kd4 67. Ke7 Kd3 68. f6 Kd2 69. f7 Kd1 70. f8=Q Kc2 71. Kf7 Kb2 72. Qf6+
Ka2 73. Q8e7 Kb3 74. Qfd6 Kc4 75. Qed7 Kc3 76. Q7c7+ Kb2 77. Qdc6 Kb1 78. Q6b6+
Ka1 {Time forfeit} 1/2-1/2